000 00654nam a22002177a 4500
005 20260319115216.0
010 _aENG-147942
020 _a9789347216237
_c200.00
035 _aEN-131474
037 _bDBAD
082 _aS
_21
100 _aKhurana Deepika
_988621
245 _aJug Gler/
_cDeepika Khurana
_hEnglish
250 _a1
260 _aPune
_bVishwakarma Publication
_c2026
270 _a34A/1, Suyog Center7th Floor, Gultekadi Marketyard Road, Giridhar Bhavan Chowk, Pune: 411037, Maharashtra, India.
_b Pune
_e411037
300 _a144p.
_c22cm(Pb)
700 _aKhurana Deepika
_987103
760 _b1
942 _2ddc
_cEN
_hS
_mKHU
_e1
999 _c215647
_d215647